| 000 | 00528nam a2200169 4500 | ||
|---|---|---|---|
| 001 | 24762 | ||
| 005 | 20230411085952.0 | ||
| 008 | 060907n1999 dr spa | ||
| 020 | _a1568024614 | ||
| 035 | _9funglode24948 | ||
| 041 | _aEN | ||
| 245 | 0 |
_aWho³s who in political revolutions : _bseventy-three men and women who changed the world / _cJack A. Goldstone, editor |
|
| 260 |
_aWashington : _bCongressional Quarterly, Inc, _c1999 |
||
| 300 | _axviii, 164 p. | ||
| 700 | _aGoldstone, Jack A. | ||
| 942 |
_2lcc _cbk |
||
| 999 |
_c110195 _d110195 |
||